000 00210nam a22000857a 4500
008 170209b xxu||||| |||| 00| 0 eng d
100 _92843
_aVerma
245 _aExcellence in Mathematics-8
260 _aNew Delhi
_c2014
999 _c6061
_d6061